00536nam a2200157Ia 4500008004000000020001800040082001600058100004000074245003300114260003600147300001300183690002000196906001100216999001700227952013400244210210b1973 xxu||||| |||| 00| 0 eng d a0 394 31743 2 a300.72 ROSR aROSEN (Lawrence) and WEST (Robert). aReader for research methods. aNew York.bRandom House.,c1973 aviii,360 aSocial Research a040850 c90913d90913 001040708Social ScienceaALbALcSocial Scienced2021-02-17g0.00l0o300.72 ROSRp040850r2021-02-17 00:00:00w2021-02-17yBK